Historia de las fronteras de Chile: los tratados de límites con Perú

שמור ב:
מידע ביבליוגרפי
מחבר ראשי: Lagos Carmona, Guillermo (Author)
פורמט: ספר
שפה:ספרדית
יצא לאור: Santiago, Chile Andrés Bello 1981
מהדורה:Segunda edición
נושאים:
תגים: הוספת תג
אין תגיות, היה/י הראשונ/ה לתייג את הרשומה!

MARC

LEADER 00000cam a2200000 a 4500
001 UCC0152
003 CL-VaPUC
005 20211008102814.0
008 170721e19810700cl |||||||||||||||||spa|d
999 |c 369087  |d 369085 
040 |c Pontificia Universidad Católica de Valparaíso 
082 0 4 |a 341.42 LAG 1981  |2 21 
100 |a Lagos Carmona, Guillermo  |e author  |9 594086 
245 1 0 |a Historia de las fronteras de Chile:  |b  los tratados de límites con Perú 
250 |a Segunda edición 
260 |a Santiago, Chile  |b Andrés Bello  |c 1981 
300 |a 143 páginas 
583 |a last modification  |c 20170721 23:47:00  |k Rodrigo Vera 
650 0 |a Límites fronterizos  |z CHILE  |z PERU  |9 357565 
650 0 |a Historia de Chile  |x TRATADOS INTERNACIONALES  |z PERU  |9 265473 
852 |a BIBCUR 
942 |c BK  |2 ddc 
945 |d 20170721 23:47:00  |a arojas 
952 |0 0  |1 0  |2 ddc  |3 erb  |4 0  |6 341_420000000000000_LAG_1981  |7 0  |8 A  |9 484635  |a BIBHIS  |b BIBHIS  |i 5408229  |o 341.42 LAG 1981  |p 5408229  |r 2025-01-20  |t 1  |w 2019-11-24  |y BK  |z Catalogado en:20170721  |k HIS